Normal view
MARC view
- Naeem, Shahzad
Entry Personal Name
001 - CONTROL NUMBER
- control field: 18655
003 - CONTROL NUMBER IDENTIFIER
- control field: NUST
005 - DATE AND TIME OF LATEST TRANSACTION
- control field: 20190726112750.0
008 - FIXED-LENGTH DATA ELEMENTS
- fixed length control field: 190726|| aca||aabn | a|a d
040 ## - CATALOGING SOURCE
- Original cataloging agency: NUST
- Transcribing agency: NUST
100 ## - HEADING--PERSONAL NAME
- Personal name: Naeem, Shahzad
670 ## - SOURCE DATA FOUND
- Source citation: Work cat.: (NUST): Naeem, Shahzad, ADAPTATION OF INFORMATION AND QUALITY ASSURANCE MANAGEMENT PARADIGMS IN A PUBLIC SECTOR STRATEGIC ORGANIZATION :, 2016.
